Learn Unity 3D Programming with UnityScript : Unity's JavaScript for Beginners /

Learn Unity Programming with UnityScript; is your step-by-step guide to learning to make your first Unity games using UnityScript. You will move from point-and-click components to fully customized features. You need no prior programming knowledge or any experience with other design tools such as Pho...

Full description

Bibliographic Details
Main Author: Suvak, Janine (Author)
Corporate Author: Safari, an O'Reilly Media Company
Format: eBook
Language:English
Published: Apress, 2014.
Edition:1st edition.
Subjects:
Online Access:Connect to this electronic resource

MARC

Tag First Indicator Second Indicator Subfields
LEADER 00000uam a2200000 a 4500
001 in00004252425
005 20260122220050.6
006 m o d
007 cr cn
008 070814s2014 xx o eng
020 |z 9781430265870 
020 |z 9781430265863 
035 |a (CaSebORM)9781430265870 
040 |d UtOrBLW 
041 0 |a eng 
100 1 |a Suvak, Janine,  |e author.  |0 http://id.loc.gov/authorities/names/no2015084164 
245 1 0 |a Learn Unity 3D Programming with UnityScript :  |b Unity's JavaScript for Beginners /  |c Suvak, Janine. 
250 |a 1st edition. 
264 1 |b Apress,  |c 2014. 
300 |a 1 online resource (424 pages) 
336 |a text  |b txt  |2 rdacontent 
337 |a computer  |b c  |2 rdamedia 
338 |a online resource  |b cr  |2 rdacarrier 
347 |a text file 
520 |a Learn Unity Programming with UnityScript; is your step-by-step guide to learning to make your first Unity games using UnityScript. You will move from point-and-click components to fully customized features. You need no prior programming knowledge or any experience with other design tools such as PhotoShop or Illustrator - you can start from scratch making Unity games with what you'll learn in this book. Through hands-on examples of common game patterns, you'll learn and apply the basics of game logic and design. You will gradually become comfortable with UnityScript syntax, at each point having everything explained to you clearly and concisely. Many beginner programming books refer to documentation that is too technically abstract for a beginner to use - Learn Unity Programming with UnityScript will teach you how to read and utilize those resources to hone your skills, and rapidly increase your knowledge in Unity game development. You'll learn about animation, sound, physics, how to handle user interaction and so much more. Janine Suvak has won awards for her game development and is ready to show you how to start your journey as a game developer. The Unity3D game engine is flexible, cross-platform, and a great place to start your game development adventure, and UnityScript was made for it - so get started game programming with this book today. 
533 |a Electronic reproduction.  |b Boston, MA :  |c Safari,  |n Available via World Wide Web.  |d 2014. 
538 |a Mode of access: World Wide Web. 
542 |f Copyright © 2014 Janine Suvak  |g 2014 
588 |a Online resource; Title from title page (viewed August 8, 2014) 
500 |a Electronic resource. 
655 7 |a Electronic books.  |2 local 
710 2 |a Safari, an O'Reilly Media Company. 
856 4 0 |u https://proxy.library.tamu.edu/login?url=https://go.oreilly.com/TAMU/library/view/-/9781430265870/?ar  |z Connect to this electronic resource  |t 0 
999 f f |s 7f3ee4d6-f002-37a0-8163-871b12738a57  |i 38907ceb-3136-3967-900d-da8ce51bec30  |t 0 
952 f f |a Texas A&M University  |b College Station  |c Electronic Resources  |s www_evans  |d Available Online  |t 0  |h No information provided 
998 f f |t 0  |l Available Online